1085 1308 1082 1157 1962 1161 1225 1985 1103 1375 1846 1732 1116 1841 1918 1451 1026 1943 1358 1300 1233 1949 1907 1536 1114 1966 1977 1979 1193 1879 1542 1114 1090 1677 1155 1768 1439 1848 1649 1357 1294 1725 1020 1363 1523 1325 1572 1633 1496 1110 1288 1040 1595 1074 1271 1007 1754 1836 1435 1988 1441 1023 1753 1675 1968 1900 1664 1984 1830 1502 1489 1667 1240 1016 1702 1635 1317 1155 1315 1317 1616 1539 1158 1538 1581 1088 1548 1312 1258 1465 1332 1102 1758 1719 1088 1356 1253 1985 1418 BCNSPRNW ULIB Ver.6.0+V

เปลี่ยนเป็นภาษาไทย

Change to English
 แสดงรายละเอียดบรรณานุกรม
  กลับหน้าหลัก

Brief Record : Get Marc (ISO 2709) : E-mail record : QR code < ปิดหน้าต่าง
LEADER : 00000nam 2200000uu 4500
001    13399112858
003     ULIB
008    110914s2550||||th 000 0 tha d
020    9749471776
090    นว.^bร151ส
100 0  ร่มแก้ว
245 00 สุดแดนหัวใจ ขอฝากหัวใจไว้ที่เธอ/^cร่มแก้ว
250    พิมพ์ครั้งที่ 1
260    กรุงเทพฯ :^bพิมพ์คำ,^c2550
300    318 หน้า
945    ^p200^l0^i14460
995    กัณชพร
999     ^aใช้งานได้ทุกระบบ
รายการนี้ยังไม่มีแท็ก
คุณยังไม่ได้ล็อกอิน คุณสามารถมีกิจกรรมร่วมกับเว็บไซต์ได้ แต่ต้องล็อกอินก่อน ::
  ล็อกอิน

รายการสื่อสารสนเทศ

ลำดับที่ ประเภท เลขเรียก/บาร์โค้ด สถานที่ สถานะ
1. นวนิยาย
นวนิยาย
นว. ร151ส  
  Barcode: 14460
ห้องสมุดวิทยาเขตสวรรค์ประชารักษ์
►นวนิยาย
ถูกยืม กำหนดส่งวันที่ 16 ธันวาคม 2559
  จอง

รายการใกล้เคียง
    ผู้แต่ง [ร่มแก้ว]

BibComment


ยังไม่เคยถูกคอมเมนท์

คอมเมนท์ทรัพยากรรายการนี้
  คอมเมนท์: สุดแดนหัวใจ ขอฝาก..


 Copyright 2026. Bcnsprnw @Library